02689nam a2200313uu 4500001000800000005001700008007001000025008004100035035001200076040001300088041000800101082000800109100005300117245011100170260005300281300001300334520151600347650004801863650003601911650003601947700005101983700004902034700005202083942001002135999001902145502001002164526000702174952019402181129929220260508075355.0co|||||||120926e20100926 spa  a1299292 ccomduadb aspa 4a33810aPérez Alarcón, Ana María4auteaut964079910aIncidencia de la planeación tributaria en la gestión de recursos de las Pymes del Oriente antioqueño aEl Carmen de Viboral :b[sin publicador],c2010. a1 CD-ROM3 aLas PYMES son el motor que mueve la economía del país pues generan el 63% del empleo nacional y el 53% de la producción bruta colombiana según estudios realizados por FOMIN (Fondo Multilateral de Inversiones), sin embargo, la falta de capacitación del empresario colombiano hacen que las empresas desaparezcan constantemente, ya que se enfrentan a problemas generados por su falta de organización, de planeación y de previsión de riesgos inmediatos y futuros. La planeación tributaria ofrece alternativas viables y razonables para que las PYMES optimicen sus recursos en la medida que cumplen correctamente con sus obligaciones al Estado, puesto que la planeación le permite a los propietarios estructurar adecuadamente el sistema contable y tributario para que se desarrolle sobre objetivos específicos que disminuyan la carga impositiva y a su vez permitan destinar los fondos en herramientas necesarias para el crecimiento en los diversos mercados. Uno de los principales problemas a los que se enfrenta diariamente el pequeño y mediano empresario del Oriente antioqueño está relacionado precisamente con la falta de organización en general dentro de la empresa, por ello la planeación tributaria constituye una herramienta de suma importancia a la hora de crear en los empresarios una cultura de sistematización de las ideas, lo cual puede ser demostrado al analizar las variaciones en el cargo impositivo de estas cuando se aplican herramientas de planeación tributaria. 7aPequeña y mediana empresa2armarc9114964 aPlaneación tributaria9194639 7aImpuestoszColombia2lemb9617010aHenao López, Deisy Biviana4auteaut967421710aMorales Gil, Sandra Milena4auteaut966579410aVargas Restrepo, Carlos Mario4thseths9441814 cTESIS c634911d634911 b60c9 a60 00102ddc40708DIGITALaCARMEbCARMEd2012-09-26eMaterial adquirido por donaciónfDONAg10000.00iC1157666l0o338.642 P944 CD-ROMp0755831r2025-01-21 00:00:00t1w2023-05-02yDIGITAL